000 00604nam a2200169 i 4500
001 134316
003 ES-MaACL
005 20230906194640.0
007 t|
008 070907s1947 xxu ||||1| eng d
100 1 _aWhite, Llewellyn.
_9116672
245 1 4 _aThe American radio
_b: a report on the broadcasting industry in the United States from The Comission on Freedom of the Press /
_cby Llewellyn White.
260 _aChicago :
_bUniversity of Chicago Press,
_c1947.
300 _aXXI, 259 p. ;
_c20 cm.
650 4 _aRadiodifusión-
_zEstados Unidos.
_916669
852 _aES-MaACL
_jC-4700
_bR.25243
999 _c134316
_d134316